| 000 | 01017nam a2200265Ia 4500 | ||
|---|---|---|---|
| 003 | OSt | ||
| 005 | 20221005110844.0 | ||
| 006 | a|||||r|||| 00| 0 | ||
| 007 | ta | ||
| 008 | 221004b |||||||| |||| 00| 0 hin d | ||
| 020 |
_a9788126703647 (hbk) _c1200 |
||
| 024 | _a15422 | ||
| 037 |
_bBR6200, 25/12/2014, Rajkamal Prakashan Pvt. Ltd. _cTextual |
||
| 040 |
_aCRL _cCRL _bhin |
||
| 041 |
_2hin _ahin |
||
| 082 | _aX:3M24xM18, 152M6;Q1 | ||
| 100 | _aशर्मा, रामविलास | ||
| 245 | 0 | _aमार्क्स औा पिछड़े हुए समाज | |
| 246 | _aMārksa auā pichhaड़e hue samāja | ||
| 260 |
_aनई दिल्ली _bराजकमल प्रकाशन भारत _c2011 |
||
| 300 |
_a534पृ0 _ccm. |
||
| 650 | _aअर्थशास्त्र | ||
| 942 |
_hX:3M24xM18, 152M6;Q1 _cTEXL _2cc |
||
| 999 |
_c1020085 _d1020085 |
||